000 00533nam a2200121Ia 4500
008 220620s9999||||xx |||||||||||||| ||und||
245 0 _aBiomineralization
_bFrom Molecular and Nano-structural Analyses to Environmental Science
546 _aEnglish[eng]
650 _aLife sciences||Biochemistry||Mineralogy||Inorganic chemistry||Cell biology||Biomaterials||Dentistry
700 _aEndo, Kazuyoshi||Kogure, Toshihiro||Nagasawa, Hiromichi
856 _uhttps://library.oapen.org/bitstream/20.500.12657/23199/1/1006954.pdf
942 _cEB
999 _c33191
_d33191